Central Library OPAC University of Rajshahi

More about psychiatry / (Record no. 73103)

MARC details
000 -LEADER
fixed length control field 00615nam a2200217 a 4500
001 - CONTROL NUMBER
control field 73103
003 - CONTROL NUMBER IDENTIFIER
rucl marc code BD-RjUL
005 - DATE AND TIME OF LATEST TRANSACTION
control field 20211209082341.0
008 - FIXED-LENGTH DATA ELEMENTS--GENERAL INFORMATION
fixed length control field 170528s1951 enk b 001 0 eng
035 ## - SYSTEM CONTROL NUMBER
System control number (BD-RjUL)73321
040 ## - CATALOGING SOURCE
Original cataloging agency DLC
Transcribing agency CarP
Modifying agency DLC
-- BD-RjUL
Language of cataloging eng
041 ## - LANGUAGE CODE
Language code of text/sound track or separate title eng
082 ## - DEWEY DECIMAL CLASSIFICATION NUMBER
Edition number 23
Classification number 616.89
Author mark and year BIM 1951
100 1# - MAIN ENTRY--PERSONAL NAME
Personal name Binger, Carl
Dates associated with a name 1889-
9 (RLIN) 216244
245 10 - TITLE STATEMENT
Title More about psychiatry /
Statement of responsibility, etc. Carl Binger.
260 ## - PUBLICATION, DISTRIBUTION, ETC. (IMPRINT)
Place of publication, distribution, etc. London :
Name of publisher, distributor, etc. Allen & Unwin,
Date of publication, distribution, etc. c1951.
300 ## - PHYSICAL DESCRIPTION
Pagination 201 p. ;
Size 23 cm.
500 ## - GENERAL NOTE
General note Includes index.
650 #0 - SUBJECT ADDED ENTRY--TOPICAL TERM
Topical term or geographic name as entry element Psychiatry
General subdivision Popular works. [from old catalog]
9 (RLIN) 216245
942 ## - ADDED ENTRY ELEMENTS (KOHA)
Source of classification or shelving scheme Dewey Decimal Classification
Koha item type Books
Holdings
Lost status Source of classification or shelving scheme Damaged status Not for loan Collection code Permanent Location Current Location Shelving location Date acquired Source of acquisition Cost, normal purchase price Total Checkouts Full call number Date last seen Copy number Koha item type
  Dewey Decimal Classification   Not For Loan Non-fiction Central Library, University of Rajshahi Central Library, University of Rajshahi Reading Room 05/04/1956 A.B.C. 8.80   616.89 BIM 1951 28/05/2017 C-1 Books